MARC details
| 000 -LEADER |
| fixed length control field |
01847nam a22003857a 4500 |
| 003 - CONTROL NUMBER IDENTIFIER |
| control field |
BDCtgAUW |
| 005 - DATE AND TIME OF LATEST TRANSACTION |
| control field |
20260324190902.0 |
| 008 - FIXED-LENGTH DATA ELEMENTS--GENERAL INFORMATION |
| fixed length control field |
260226b ii ||||| |||| 00| 0 eng d |
| 020 ## - INTERNATIONAL STANDARD BOOK NUMBER |
| International Standard Book Number |
9789392018176 |
| 035 ## - SYSTEM CONTROL NUMBER |
| System control number |
(OCoLC)1438794665 |
| 040 ## - CATALOGING SOURCE |
| Original cataloging agency |
BDCtgAUW |
| Language of cataloging |
BDCtgAUW |
| Transcribing agency |
BDCtgAUW |
| Modifying agency |
BDCtgAUW |
| 050 00 - LIBRARY OF CONGRESS CALL NUMBER |
| Classification number |
DS422.C3 |
| Item number |
P728 |
| 100 10 - MAIN ENTRY--PERSONAL NAME |
| Personal name |
Prashad, Vijay |
| Relator term |
author |
| 9 (RLIN) |
65360 |
| 245 10 - TITLE STATEMENT |
| Title |
Untouchable freedom : |
| Remainder of title |
a social history of the dalit community / |
| 250 ## - EDITION STATEMENT |
| Edition statement |
First Leftword edition. |
| 264 #1 - PRODUCTION, PUBLICATION, DISTRIBUTION, MANUFACTURE, AND COPYRIGHT NOTICE |
| Place of production, publication, distribution, manufacture |
New Delhi, India : |
| Name of producer, publisher, distributor, manufacturer |
LeftWord Books, |
| Date of production, publication, distribution, manufacture, or copyright notice |
May 2024. |
| 300 ## - PHYSICAL DESCRIPTION |
| Extent |
244 p. : |
| Dimensions |
22 cm. |
| 336 ## - CONTENT TYPE |
| Content type term |
text |
| Content type code |
txt |
| Source |
rdacontent |
| Authority record control number or standard number |
http://id.loc.gov/vocabulary/contentTypes/txt |
| 337 ## - MEDIA TYPE |
| Media type term |
unmediated |
| Media type code |
n |
| Source |
rdamedia |
| Authority record control number or standard number |
http://id.loc.gov/vocabulary/mediaTypes/n |
| 338 ## - CARRIER TYPE |
| Carrier type term |
volume |
| Carrier type code |
nc |
| Source |
rdacarrier |
| Authority record control number or standard number |
http://id.loc.gov/vocabulary/carriers/nc |
| 500 ## - GENERAL NOTE |
| General note |
First published in 2000 by Oxford University Press, New Delhi"--Title page verso. |
| 504 ## - BIBLIOGRAPHY, ETC. NOTE |
| Bibliography, etc. note |
Includes bibliographical references. |
| 530 ## - ADDITIONAL PHYSICAL FORM AVAILABLE NOTE |
| Additional physical form available note |
Also available as an e-book. |
| 650 #0 - SUBJECT ADDED ENTRY--TOPICAL TERM |
| Topical term or geographic name entry element |
Dalits |
| Geographic subdivision |
India |
| General subdivision |
Social conditions |
| Authority record control number or standard number |
http://id.loc.gov/authorities/subjects/sh2008102011 |
| 9 (RLIN) |
91076 |
| 650 #0 - SUBJECT ADDED ENTRY--TOPICAL TERM |
| Topical term or geographic name entry element |
Sanitation workers |
| Geographic subdivision |
India |
| General subdivision |
Social conditions |
| 9 (RLIN) |
91077 |
| 650 #0 - SUBJECT ADDED ENTRY--TOPICAL TERM |
| Topical term or geographic name entry element |
People with social disabilities |
| Geographic subdivision |
India |
| Authority record control number or standard number |
http://id.loc.gov/authorities/subjects/sh2010105454 |
| 9 (RLIN) |
91078 |
| 650 #0 - SUBJECT ADDED ENTRY--TOPICAL TERM |
| Topical term or geographic name entry element |
Marginality, Social |
| Geographic subdivision |
India |
| 9 (RLIN) |
91079 |
| 650 #6 - SUBJECT ADDED ENTRY--TOPICAL TERM |
| Topical term or geographic name entry element |
Ouvriers à la salubrité |
| Geographic subdivision |
Inde |
| General subdivision |
Conditions sociales |
| 9 (RLIN) |
91080 |
| 758 ## - RESOURCE IDENTIFIER |
| Real World Object URI |
http://id.loc.gov/resources/instances/23858260 |
| 758 ## - RESOURCE IDENTIFIER |
| Relationship |
http://id.loc.gov/ontologies/bibframe/instanceOf |
| Real World Object URI |
http://id.loc.gov/resources/works/23858260 |
| 884 ## - DESCRIPTION CONVERSION INFORMATION |
| Conversion process |
DLC bibframe2marc v3.0-dev |
| Conversion date |
20251120 |
| Conversion agency |
DLC |
| Uniform Resource Identifier |
https://github.com/lcnetdev/bibframe2marc/tree/v3.0-dev |
| 887 ## - NON-MARC INFORMATION FIELD |
| Source of data |
8 |
| Content of non-MARC field |
Papia Akter |
| 888 ## - |
| -- |
8 |
| 942 ## - ADDED ENTRY ELEMENTS (KOHA) |
| Source of classification or shelving scheme |
Library of Congress Classification |
| Koha item type |
Books |
| Suppress in OPAC |
No |